[Event "European Rapid 2011"]
[Site "Warsaw POL"]
[Date "2011.12.18"]
[Round "10"]
[White "Zontakh, Andrey"]
[Black "Potkin, Vladimir"]
[Result "1-0"]
[WhiteTitle "GM"]
[BlackTitle "GM"]
[WhiteElo "2566"]
[BlackElo "2684"]
[WhiteFideId "14101130"]
[BlackFideId "4131061"]
[EventDate "2011.12.17"]

1. d4 Nf6 2. Nf3 d5 3. c4 e6 4. g3 dxc4 5. Bg2 a6 6. O-O Nc6 7. e3 Bd7 8. Qe2 b5
9. Rd1 Bd6 10. b3 cxb3 11. axb3 O-O 12. Bb2 Qe7 13. Ne5 Bxe5 14. dxe5 Nd5 15.
Nd2 Ncb4 16. Ne4 Bc6 17. Nf6+ Kh8 18. Rd4 gxf6 19. exf6 Qc5 20. Rc1 Qd6 21. Rh4
Nf4 22. exf4 Qd3 23. Qxd3 Nxd3 24. Rxc6 Nxb2 25. Be4 Rad8 26. Rxh7+ Kg8 27. Rg7+
Kh8 28. Rc5 1-0

[Event "European Rapid 2011"]
[Site "Warsaw POL"]
[Date "2011.12.18"]
[Round "10"]
[White "Kryvoruchko, Yuriy"]
[Black "Lintchevski, Daniil"]
[Result "1/2-1/2"]
[WhiteTitle "GM"]
[BlackTitle "GM"]
[WhiteElo "2666"]
[BlackElo "2575"]
[WhiteFideId "14109182"]
[BlackFideId "4171055"]
[EventDate "2011.12.17"]

1. e4 c6 2. d4 d5 3. e5 Bf5 4. Nf3 e6 5. Be2 c5 6. Be3 Qb6 7. Nc3 Nc6 8. O-O
Qxb2 9. Qe1 cxd4 10. Nxd4 Bb4 11. Ndb5 Bxc3 12. Nxc3 Nge7 13. Rb1 Qxc2 14. Rxb7
O-O 15. Bd1 Qd3 16. Be2 Qc2 17. Qa1 Rab8 18. Rd7 d4 19. Bxd4 Nxd4 20. Rxd4 Nc6
21. Bd1 Qb2 22. Qxb2 Rxb2 23. Ra4 Nxe5 24. Rxa7 g5 25. h3 Rc8 26. Ne2 Bd3 27.
Re1 Bxe2 28. Bxe2 Rcc2 29. Bh5 Ng6 30. Bxg6 hxg6 31. Rf1 Rxa2 32. Rxa2 Rxa2 33.
Rb1 Ra7 34. Rb5 f5 35. g4 Kf7 36. Kg2 Kf6 37. Rb8 Ra4 38. Kg3 Ra3+ 39. Kg2 Ra7
40. Kg3 Ra6 41. Rf8+ Kg7 42. Rb8 e5 43. Rb4 e4 44. Kg2 Kf6 45. Rb5 f4 46. Kf1 f3
47. Ke1 Ra2 48. Rc5 Rb2 49. Ra5 Re2+ 50. Kf1 Rc2 51. Ke1 Rb2 52. Rc5 Rb1+ 53.
Kd2 Rf1 54. Ke3 Re1+ 55. Kd4 e3 56. Rc3 exf2 1/2-1/2

[Event "European Rapid 2011"]
[Site "Warsaw POL"]
[Date "2011.12.18"]
[Round "10"]
[White "Belov, Vladimir"]
[Black "Antoniewski, Rafal"]
[Result "0-1"]
[WhiteTitle "GM"]
[BlackTitle "GM"]
[WhiteElo "2641"]
[BlackElo "2559"]
[WhiteFideId "4132394"]
[BlackFideId "1111078"]
[EventDate "2011.12.17"]

1. e4 c6 2. d4 d5 3. e5 Bf5 4. Nf3 e6 5. Be2 Nd7 6. O-O Bg6 7. Nbd2 Nh6 8. Nb3
Rc8 9. Bxh6 gxh6 10. c4 Bg7 11. c5 O-O 12. Ne1 f6 13. f4 fxe5 14. dxe5 b6 15.
Bg4 Qe7 16. Nd4 Bf7 17. cxb6 axb6 18. Nef3 c5 19. Nb5 Bg6 20. g3 c4 21. Nbd4 Nc5
22. Qd2 Kh8 23. Qe3 h5 24. Bh3 Bh6 25. b3 cxb3 26. axb3 Bf7 27. Nd2 Ra8 28. Kh1
Bg8 29. Bg2 Rxa1 30. Rxa1 h4 31. b4 Nd7 32. Ra7 hxg3 33. hxg3 Qe8 34. Qe2 Qg6
35. Nf1 Nb8 36. Rb7 Rc8 37. Qf3 Nc6 38. Nxc6 Rxc6 39. Rb8 Bg7 40. g4 Qh6+ 41.
Kg1 Rc4 42. g5 Qg6 43. Qe3 h6 44. Rxb6 Qf5 45. Ng3 Qxf4 46. Qxf4 Rxf4 47. Nh5
Bxe5 48. Nxf4 Bd4+ 49. Kf1 Bxb6 50. gxh6 Kh7 51. Ke2 Kxh6 52. Bh3 e5 53. Be6
Bxe6 54. Nxe6 Kg6 55. Nf8+ Kf5 56. Nd7 Bg1 57. Nb8 Ke6 58. Nc6 Kd6 59. Na5 Bb6
60. Nb3 e4 61. Kd2 Ke5 62. Kc3 d4+ 63. Kc4 d3 64. Kc3 Kd5 65. b5 Bc7 66. Kb4 e3 0-1

[Event "European Rapid 2011"]
[Site "Warsaw POL"]
[Date "2011.12.18"]
[Round "10"]
[White "Romanov, Evgeny"]
[Black "Krzyzanowski, Marcin"]
[Result "1-0"]
[WhiteTitle "GM"]
[WhiteElo "2627"]
[BlackElo "2375"]
[WhiteFideId "4148843"]
[BlackFideId "1132199"]
[EventDate "2011.12.17"]

1. g3 Nf6 2. Bg2 e5 3. c4 Nc6 4. Nc3 Bb4 5. Nd5 Nxd5 6. cxd5 Ne7 7. Nf3 Ng6 8.
O-O O-O 9. d4 d6 10. Qa4 e4 11. Ng5 c5 12. dxc6 Ba5 13. Nxe4 Bb6 14. d5 Rb8 15.
Nc3 f5 16. Bf4 Nxf4 17. Qxf4 g5 18. Qc4 f4 19. Ne4 Qe7 20. a4 bxc6 21. a5 Bc7
22. dxc6+ Be6 23. Qd4 g4 24. Nc3 f3 25. exf3 gxf3 26. Nd5 Qf7 27. Bxf3 Qxf3 28.
Nxc7 Bh3 29. Qd5+ Qxd5 30. Nxd5 Bxf1 31. c7 Rxb2 32. c8=Q Rxc8 33. Ne7+ Kf7 34.
Nxc8 Bd3 35. Nxa7 Rc2 36. Rd1 Be2 37. Rb1 Rc5 38. Kg2 Rxa5 39. Nc6 Ra2 40. Rb7+
Kf6 41. Rxh7 Bd3 42. Rh4 Ra1 43. Rd4 Bf1+ 44. Kf3 Ra3+ 45. Kf4 Ra2 46. Kf3 Ra3+
47. Kf4 Ra2 1-0

[Event "European Rapid 2011"]
[Site "Warsaw POL"]
[Date "2011.12.18"]
[Round "10"]
[White "Kanarek, Marcel"]
[Black "Mastrovasilis, Dimitrios"]
[Result "0-1"]
[WhiteTitle "IM"]
[BlackTitle "GM"]
[WhiteElo "2467"]
[BlackElo "2621"]
[WhiteFideId "1126822"]
[BlackFideId "4202694"]
[EventDate "2011.12.17"]

1. d4 d5 2. c4 c6 3. Nc3 Nf6 4. Nf3 dxc4 5. a4 Bf5 6. e3 e6 7. Bxc4 Bb4 8. O-O
Nbd7 9. Qe2 Bg6 10. Rd1 O-O 11. Bd3 Bh5 12. Ne4 Nxe4 13. Bxe4 Qa5 14. Bd2 Nf6
15. Bxb4 Qxb4 16. Bd3 Rfd8 17. Rdc1 a5 18. Rc5 Rd5 19. Rc4 Qb6 20. h3 Rad8 21.
g4 Bg6 22. Bxg6 hxg6 23. Qc2 R5d6 24. e4 R6d7 25. Re1 Qc7 26. Qc1 Qb6 27. Qc3
Qc7 28. Ne5 Re7 29. Kg2 Nd7 30. f4 Nb6 31. Qxa5 Nxc4 32. Qxc7 Rxc7 33. Nxc4 Rxd4
34. b3 b5 35. Nb6 bxa4 36. bxa4 Rb4 37. a5 Ra7 38. Ra1 Rxb6 0-1

[Event "European Rapid 2011"]
[Site "Warsaw POL"]
[Date "2011.12.18"]
[Round "10"]
[White "Butkiewicz, Lukasz"]
[Black "Miton, Kamil"]
[Result "0-1"]
[WhiteTitle "IM"]
[BlackTitle "GM"]
[WhiteElo "2422"]
[BlackElo "2622"]
[WhiteFideId "1122428"]
[BlackFideId "1111914"]
[EventDate "2011.12.17"]

1. e4 c6 2. d4 d5 3. Nc3 dxe4 4. Nxe4 Nd7 5. Ng5 Ngf6 6. Bd3 e5 7. Bc4 Nd5 8.
Qf3 Qf6 9. Bxd5 cxd5 10. Qxd5 exd4 11. Bd2 Nb6 12. Qe4+ Be7 13. Ne2 Nc4 14. Bf4
h6 15. Nf3 O-O 16. Qxd4 Qc6 17. O-O Bf6 18. Qd3 Nxb2 19. Qb3 Be6 20. Qb4 a5 21.
Qe1 Bc4 22. Nfd4 Qd5 23. c3 Rfe8 24. Be3 Bxd4 25. cxd4 Qh5 26. Qd2 Qxe2 0-1

[Event "European Rapid 2011"]
[Site "Warsaw POL"]
[Date "2011.12.18"]
[Round "10"]
[White "Mista, Aleksander"]
[Black "Schmidt, Wlodzimierz"]
[Result "1-0"]
[WhiteTitle "GM"]
[BlackTitle "GM"]
[WhiteElo "2587"]
[BlackElo "2378"]
[WhiteFideId "1110381"]
[BlackFideId "1100041"]
[EventDate "2011.12.17"]

1. e4 e6 2. d4 d5 3. Nd2 c5 4. Ngf3 Nc6 5. exd5 exd5 6. Bb5 Bd6 7. dxc5 Bxc5 8.
O-O Ne7 9. Nb3 Bd6 10. h3 O-O 11. Bd3 h6 12. c3 Nf5 13. Bc2 Re8 14. Qd3 g6 15.
g4 Nh4 16. Bxh6 Nxf3+ 17. Qxf3 Ne5 18. Qg2 Nc4 19. Rfe1 Rxe1+ 20. Rxe1 Nxb2 21.
Bxg6 fxg6 22. Qxd5+ Kh7 23. Qf7+ Kxh6 24. Re8 Qd7 25. Rh8+ Kg5 26. Qf3 1-0

[Event "European Rapid 2011"]
[Site "Warsaw POL"]
[Date "2011.12.18"]
[Round "10"]
[White "Ruck, Robert"]
[Black "Deszczynski, Adam"]
[Result "1-0"]
[WhiteTitle "GM"]
[WhiteElo "2579"]
[BlackElo "2356"]
[WhiteFideId "705713"]
[BlackFideId "1102753"]
[EventDate "2011.12.17"]

1. Nf3 c5 2. c4 Nc6 3. Nc3 g6 4. e3 Bg7 5. d4 d6 6. Be2 cxd4 7. exd4 Bg4 8. O-O
Nf6 9. h3 Bxf3 10. Bxf3 O-O 11. Be3 Rc8 12. Rc1 e6 13. Qa4 Nd7 14. Qd1 Nb6 15.
b3 d5 16. c5 Nd7 17. a3 b6 18. b4 bxc5 19. dxc5 Nce5 20. Be2 a5 21. Na4 axb4 22.
axb4 Ra8 23. c6 1-0

[Event "European Rapid 2011"]
[Site "Warsaw POL"]
[Date "2011.12.18"]
[Round "10"]
[White "Zhigalko, Andrey"]
[Black "Kantans, Toms"]
[Result "1-0"]
[WhiteTitle "GM"]
[BlackTitle "FM"]
[WhiteElo "2572"]
[BlackElo "2338"]
[WhiteFideId "13502247"]
[BlackFideId "11602945"]
[EventDate "2011.12.17"]

1. e4 c5 2. Nf3 Nf6 3. Nc3 Nc6 4. Bb5 Qc7 5. d3 Nd4 6. Ba4 a6 7. Nxd4 cxd4 8.
Ne2 Qa5+ 9. c3 dxc3 10. Nxc3 e6 11. O-O b5 12. Bb3 Bb7 13. Bd2 b4 14. Na4 Bc6
15. a3 Qb5 16. Qc2 bxa3 17. bxa3 Be7 18. Nc3 Qh5 19. d4 O-O 20. Rfe1 Rfc8 21.
Qd3 Qg6 22. Re3 Nh5 23. Rh3 Bg5 24. Re1 Nf4 25. Bxf4 Bxf4 26. d5 Bb7 27. Qd4 e5
28. Qd3 a5 29. Ba4 Ba6 30. Qd1 Ra7 31. Bb5 Rac7 32. d6 Rxc3 33. Rxc3 Rxc3 34.
Bxa6 Rc6 35. Qb3 h6 36. g3 Rxd6 37. Bc4 Rd4 38. Bd5 a4 39. Qb8+ Kh7 40. Qe8 Rxd5
41. exd5 Qf5 42. d6 f6 43. Qa8 Bd2 44. Qe4 Kg6 45. g4 Qxe4 46. Rxe4 Kf7 47. Rxa4
Ke6 48. Ra6 g6 49. Kf1 f5 50. gxf5+ gxf5 51. Ke2 Bc3 52. Ra8 e4 53. Rg8 Kf7 54.
Rc8 Bd4 55. a4 Ke6 56. Rg8 Kf7 57. Rc8 Ke6 58. a5 f4 59. f3 exf3+ 60. Kxf3 Kxd6 1-0

[Event "European Rapid 2011"]
[Site "Warsaw POL"]
[Date "2011.12.18"]
[Round "10"]
[White "Vovk, Yuri"]
[Black "Klekowski, Maciej"]
[Result "1-0"]
[WhiteTitle "GM"]
[WhiteElo "2571"]
[BlackElo "2308"]
[WhiteFideId "14113171"]
[BlackFideId "1132717"]
[EventDate "2011.12.17"]

1. d4 Nf6 2. c4 e6 3. Nc3 b6 4. e4 Bb4 5. Bd3 Bb7 6. f3 c5 7. d5 Bxc3+ 8. bxc3
e5 9. f4 Qc7 10. Nf3 d6 11. fxe5 dxe5 12. O-O Nbd7 13. a4 h6 14. a5 Qd6 15. Qa4
Rb8 16. axb6 axb6 17. Qb5 Ke7 18. Ra7 Ne8 19. Be3 Qc7 20. Qb2 Nd6 21. Qf2 Ra8
22. Qh4+ f6 23. Rxa8 Rxa8 24. Qg4 Ne8 25. Nh4 Kd8 26. Nf5 Nf8 27. Be2 Bc8 28. d6
Qf7 29. Rb1 Ra6 30. Qf3 Bxf5 31. exf5 Nxd6 32. Qc6 Qd7 33. Qd5 Nxf5 34. Bxc5 Ke8
35. Bxf8 1-0

[Event "European Rapid 2011"]
[Site "Warsaw POL"]
[Date "2011.12.18"]
[Round "10"]
[White "Przedmojski, Rafal"]
[Black "Gritsak, Orest"]
[Result "0-1"]
[BlackTitle "GM"]
[WhiteElo "2378"]
[BlackElo "2548"]
[WhiteFideId "1102451"]
[BlackFideId "14102188"]
[EventDate "2011.12.17"]

1. d4 Nf6 2. c4 e6 3. g3 c5 4. Nf3 cxd4 5. Nxd4 d5 6. Bg2 e5 7. Nf3 d4 8. O-O
Nc6 9. e3 Be7 10. exd4 exd4 11. Nbd2 O-O 12. Nb3 d3 13. Bf4 Bf5 14. h3 a5 15. g4
Be6 16. Rc1 a4 17. Nbd2 a3 18. Rb1 Nd7 19. bxa3 Nc5 20. Be3 Rxa3 21. Bxc5 Bxc5
22. Rxb7 Rxa2 23. Qb1 Rc2 24. Nb3 Be7 25. Ne1 Rxc4 26. Qxd3 Bf6 27. Qb1 Rc3 28.
Nc2 Qd3 29. Nca1 Ne5 30. Qxd3 Nxd3 31. Nd2 Bd4 32. Nab3 Be5 33. Na5 Nf4 34. Nc6
Nxg2 35. Nxe5 Nf4 36. Ne4 Rxh3 37. f3 Bd5 38. Rb4 Bxe4 39. Rxe4 g5 40. Nd7 Rd8
41. Nf6+ Kg7 42. Ne8+ Kf8 43. Nf6 Rh6 44. Rxf4 gxf4 45. Nh5 Rd4 46. Rb1 Re6 47.
Rb8+ Re8 48. Rxe8+ Kxe8 49. Nf6+ Ke7 50. Nxh7 f6 51. g5 fxg5 52. Nxg5 Kf6 53.
Nh3 Ke5 54. Kf2 Rd2+ 55. Ke1 Rh2 56. Nf2 Kd4 57. Ng4 Ra2 58. Kf1 Kd3 59. Ke1
Re2+ 60. Kf1 Kd2 61. Kg1 Ke1 0-1

[Event "European Rapid 2011"]
[Site "Warsaw POL"]
[Date "2011.12.18"]
[Round "10"]
[White "Gabrielian, Artur"]
[Black "Putka, Verner"]
[Result "1-0"]
[WhiteTitle "GM"]
[WhiteElo "2545"]
[BlackElo "2293"]
[WhiteFideId "4131002"]
[BlackFideId "11600659"]
[EventDate "2011.12.17"]

1. g3 Nf6 2. Bg2 e6 3. d3 Be7 4. Nf3 b6 5. Ne5 c6 6. O-O Bb7 7. e4 d6 8. Nf3
Nbd7 9. Nbd2 O-O 10. d4 c5 11. e5 Ne8 12. exd6 Nxd6 13. Nb3 Rc8 14. c3 Nc4 15.
Re1 cxd4 16. Nbxd4 Nc5 17. b3 Nd6 18. c4 Bf6 19. Bf4 Nf5 20. Nxf5 exf5 21. Be5
Bxe5 22. Nxe5 Bxg2 23. Kxg2 Qf6 24. Qf3 Rfd8 25. g4 f4 26. Rad1 Rxd1 27. Qxd1
Rd8 28. Nf3 g5 29. Qa1 Qxa1 30. Rxa1 f6 31. b4 Ne6 32. a4 Rc8 33. Rc1 Kf7 34.
Nd2 Nd4 35. Ne4 f3+ 36. Kf1 Kg6 37. c5 bxc5 38. bxc5 Nc6 39. Rd1 Re8 40. Nd6 Re5
41. Rc1 Rd5 42. h3 h5 43. Nf5 hxg4 44. hxg4 Re5 45. Kg1 Re4 46. Ne3 Rxa4 47. Kh2
Ra2 48. Kg3 a5 49. Nf5 Rd2 50. Rh1 Rc2 51. Rh8 Rxc5 52. Rc8 Kf7 53. Nd4 Nxd4 54.
Rxc5 Ke6 55. Rxa5 Kd6 56. Kh2 Ke6 57. Kg1 f5 58. gxf5+ Nxf5 59. Kh2 g4 60. Ra4
Nh6 61. Kg3 Kf5 62. Ra5+ Kg6 63. Kf4 Kf6 64. Ra6+ Kg7 65. Kg5 g3 66. Rxh6 g2 67.
Rg6+ 1-0

[Event "European Rapid 2011"]
[Site "Warsaw POL"]
[Date "2011.12.18"]
[Round "10"]
[White "Rindlisbacher, Lars"]
[Black "Tomczak, Jacek"]
[Result "0-1"]
[BlackTitle "IM"]
[WhiteElo "2201"]
[BlackElo "2544"]
[WhiteFideId "1304178"]
[BlackFideId "1124668"]
[EventDate "2011.12.17"]

1. e4 d5 2. exd5 Nf6 3. Nc3 Nxd5 4. Nxd5 Qxd5 5. Nf3 Bf5 6. Be2 Nc6 7. O-O O-O-O
8. d3 e5 9. Be3 f6 10. a3 g5 11. b4 h5 12. c4 Qd7 13. b5 Nd4 14. Bxd4 exd4 15.
a4 h4 16. h3 Bb4 17. Nh2 Be6 18. a5 Kb8 19. Bf3 b6 20. Bc6 Qg7 21. Qf3 f5 22.
Ra2 bxa5 23. Rb1 Qe7 24. Qe2 g4 25. hxg4 h3 26. gxf5 Bxf5 27. Qxe7 Bxe7 28. Rxa5
Bxd3 29. Rba1 Bc5 30. Nf3 hxg2 31. Ne5 Rdg8 32. Bxg2 Be4 33. f3 d3+ 34. Kf1 Rh1+ 0-1

[Event "European Rapid 2011"]
[Site "Warsaw POL"]
[Date "2011.12.18"]
[Round "10"]
[White "Olszewski, Michal"]
[Black "Meskovs, Nikita"]
[Result "1-0"]
[WhiteTitle "GM"]
[BlackTitle "FM"]
[WhiteElo "2539"]
[BlackElo "2292"]
[WhiteFideId "1121251"]
[BlackFideId "11602740"]
[EventDate "2011.12.17"]

1. d4 Nf6 2. c4 c5 3. d5 b5 4. cxb5 a6 5. bxa6 g6 6. Nc3 Bxa6 7. Nf3 d6 8. g3
Nbd7 9. Bg2 Bg7 10. O-O O-O 11. Rb1 Ne8 12. Bd2 Nc7 13. b3 Nb6 14. Nh4 Bb7 15.
e4 e6 16. dxe6 Nxe6 17. a4 Nd7 18. Nf3 Nd4 19. Nxd4 cxd4 20. Nb5 Nc5 21. Bb4
Nxe4 22. Nxd4 Re8 23. Nb5 d5 24. Rc1 Bh6 25. Rc2 Ba6 26. Qd3 Rb8 27. Rc6 Bb7 28.
Rc7 Ba6 29. Ba5 Qg5 30. Ra7 Re6 31. Bc7 Rc8 32. Bf4 Qh5 33. Bxh6 Qxh6 34. Qxd5
Nc3 35. Qf3 Ne2+ 36. Kh1 Rf8 37. Rxa6 Nxg3+ 38. fxg3 Rxa6 39. Qb7 Re6 40. a5 g5
41. Nd4 Rd6 42. Nf5 1-0

[Event "European Rapid 2011"]
[Site "Warsaw POL"]
[Date "2011.12.18"]
[Round "10"]
[White "Ustiyanovich, Nazariy"]
[Black "Gdanski, Jacek"]
[Result "0-1"]
[WhiteTitle "FM"]
[BlackTitle "GM"]
[WhiteElo "2176"]
[BlackElo "2538"]
[WhiteFideId "14109778"]
[BlackFideId "1100106"]
[EventDate "2011.12.17"]

1. d4 Nf6 2. c4 c5 3. e3 g6 4. Nf3 Bg7 5. Nc3 O-O 6. Be2 cxd4 7. Nxd4 Nc6 8. O-O
Nxd4 9. Qxd4 d6 10. Qd2 Be6 11. Rb1 Rc8 12. b3 d5 13. cxd5 Nxd5 14. Nxd5 Qxd5
15. Qxd5 Bxd5 16. Ba3 Rc2 17. Bc4 Bxc4 18. bxc4 b6 19. Bxe7 Re8 20. Bd6 Rxa2 21.
c5 bxc5 22. Bxc5 a5 23. Rfd1 a4 24. Bd4 a3 25. g4 Ra8 26. Kg2 Rc2 27. Bxg7 Kxg7
28. Rbc1 Rxc1 29. Rxc1 a2 30. Ra1 Kf6 31. f4 Ke6 32. e4 Ra3 33. h4 Kd6 34. Kf2
Kc5 35. e5 Kd5 36. Kg2 Ke4 37. f5 gxf5 38. gxf5 Kxe5 0-1

[Event "European Rapid 2011"]
[Site "Warsaw POL"]
[Date "2011.12.18"]
[Round "10"]
[White "Stupak, Kirill"]
[Black "Przezdziecka, Marta"]
[Result "1-0"]
[WhiteTitle "GM"]
[BlackTitle "WGM"]
[WhiteElo "2503"]
[BlackElo "2249"]
[WhiteFideId "13503758"]
[BlackFideId "1123009"]
[EventDate "2011.12.17"]

1. d4 Nf6 2. g3 g6 3. Bg2 Bg7 4. e4 d6 5. Nc3 O-O 6. Nge2 Nbd7 7. h3 c5 8. d5 a6
9. a4 Rb8 10. a5 b6 11. axb6 Nxb6 12. O-O Ne8 13. b3 Nc7 14. Be3 Bd7 15. Qd2 Qc8
16. Kh2 Nb5 17. Bh6 Ra8 18. Bxg7 Kxg7 19. f4 Nxc3 20. Qxc3+ Kg8 21. Qd2 c4 22.
Qd4 Qc7 23. b4 Bb5 24. c3 Na4 25. f5 a5 26. bxa5 Qxa5 27. e5 Qb6 28. Qxb6 Nxb6
29. Rab1 Ra5 30. Nd4 Rb8 31. exd6 exd6 32. fxg6 hxg6 33. Rxb5 1-0

[Event "European Rapid 2011"]
[Site "Warsaw POL"]
[Date "2011.12.18"]
[Round "10"]
[White "Wandzik, Wojciech"]
[Black "Grabarczyk, Miroslaw"]
[Result "1-0"]
[BlackTitle "GM"]
[WhiteElo "2239"]
[BlackElo "2457"]
[WhiteFideId "1138910"]
[BlackFideId "1101684"]
[EventDate "2011.12.17"]

1. e4 c6 2. d4 d5 3. Nc3 g6 4. Nf3 Bg7 5. h3 Nh6 6. Bd3 O-O 7. O-O f6 8. Qe2 Nf7
9. Be3 e5 10. Rad1 dxe4 11. Bxe4 f5 12. dxe5 Qe7 13. Bd3 Nd7 14. e6 Qxe6 15. Ng5
Qe7 16. Nxf7 f4 17. Bxf4 Qxe2 18. Bxe2 Kxf7 19. Bc4+ Ke8 20. Bg5 Bf6 21. Rfe1+
Kd8 22. Ne4 Kc7 23. Rxd7+ Bxd7 24. Nxf6 Bf5 25. Re7+ Kb6 26. g4 Kc5 27. Bb3 h6
28. gxf5 hxg5 29. Ne4+ Kd4 30. fxg6 g4 1-0

[Event "European Rapid 2011"]
[Site "Warsaw POL"]
[Date "2011.12.18"]
[Round "10"]
[White "Simonian, Hrair"]
[Black "Valgmae, Toomas"]
[Result "1-0"]
[WhiteTitle "GM"]
[WhiteElo "2468"]
[BlackElo "2208"]
[WhiteFideId "13302337"]
[BlackFideId "4502523"]
[EventDate "2011.12.17"]

1. e4 d6 2. d4 Nf6 3. Nc3 g6 4. Nf3 Bg7 5. Be2 O-O 6. O-O Nc6 7. h3 e5 8. dxe5
Nxe5 9. Nxe5 dxe5 10. Be3 Qe7 11. Bc4 Rd8 12. Qe2 a6 13. a4 Be6 14. Rfd1 Bf8 15.
Bg5 h6 16. Bxf6 Qxf6 17. Bxe6 Qxe6 18. Nd5 Rac8 19. Rd3 c6 20. Nb6 Rxd3 21. Qxd3
Re8 22. Rd1 Bc5 23. a5 f5 24. Na4 Ba7 25. Nb6 Bxb6 26. axb6 Kf7 27. Qd2 f4 28.
Qc3 g5 29. Qf3 Kg6 30. Rd3 Rf8 31. Qd1 Rf6 32. Rd7 h5 33. Rxb7 Rf7 34. Qd6 1-0

[Event "European Rapid 2011"]
[Site "Warsaw POL"]
[Date "2011.12.18"]
[Round "10"]
[White "Fedorov, Alexei"]
[Black "Paterek, Michal"]
[Result "1-0"]
[WhiteTitle "GM"]
[BlackTitle "FM"]
[WhiteElo "2579"]
[BlackElo "2257"]
[WhiteFideId "13500465"]
[BlackFideId "1116142"]
[EventDate "2011.12.17"]

1. e4 c6 2. Nc3 d5 3. Qe2 d4 4. Nd1 e5 5. Nf3 Bd6 6. g3 Ne7 7. Bg2 h6 8. d3 Be6
9. O-O Nd7 10. c3 c5 11. Nh4 Qb6 12. cxd4 cxd4 13. f4 f6 14. Nf2 g5 15. Nf5 Nxf5
16. exf5 Bf7 17. Ne4 O-O-O 18. fxg5 hxg5 19. a4 Bb4 20. a5 Qa6 21. Bd2 Bxd2 22.
Qxd2 Kb8 23. b4 Bd5 24. Rab1 Qb5 25. Nd6 Qa6 26. Bxd5 Qxd6 27. Be4 a6 28. Qa2
Rh7 29. Rfc1 Ka7 30. Qe6 Nb8 31. b5 axb5 32. Rxb5 Qxe6 33. fxe6 Re7 34. Rf1 Rxe6
35. Rxb7+ Ka6 36. Rfb1 Nd7 37. Bd5 Rb6 38. axb6 1-0

[Event "European Rapid 2011"]
[Site "Warsaw POL"]
[Date "2011.12.18"]
[Round "10"]
[White "Bjertrup, Michael"]
[Black "Moranda, Wojciech"]
[Result "0-1"]
[BlackTitle "GM"]
[WhiteElo "2256"]
[BlackElo "2568"]
[WhiteFideId "1400584"]
[BlackFideId "1122401"]
[EventDate "2011.12.17"]

1. Nf3 Nf6 2. c4 g6 3. Nc3 Bg7 4. g3 O-O 5. Bg2 d6 6. d4 Nbd7 7. O-O e5 8. b3
Re8 9. dxe5 dxe5 10. Bb2 c6 11. Ng5 Nc5 12. b4 Ne6 13. Nge4 Nxe4 14. Nxe4 Qe7
15. Nd6 Rd8 16. c5 a5 17. a3 Nd4 18. e3 Nb5 19. Nxc8 Raxc8 20. Qb3 axb4 21. axb4
Rd2 22. Rfd1 Rxb2 23. Qxb2 e4 24. Qc2 Bxa1 25. Rxa1 Qe5 26. Rd1 Re8 27. Bf1 Nc3
28. Rd4 Nd5 29. Bc4 Nf6 30. Qa2 Re7 31. Qa8+ Kg7 32. Qd8 Ng4 33. Be2 Nf6 34. Bc4
Re8 35. Qd6 Qh5 36. Qf4 Re7 37. h4 h6 38. Rd6 Nd7 39. Bb3 Qe2 40. Bd1 Qe1+ 41.
Kg2 Qxb4 42. Bg4 0-1

[Event "European Rapid 2011"]
[Site "Warsaw POL"]
[Date "2011.12.18"]
[Round "11"]
[White "Sjugirov, Sanan"]
[Black "Volokitin, Andrei"]
[Result "1/2-1/2"]
[WhiteTitle "GM"]
[BlackTitle "GM"]
[WhiteElo "2622"]
[BlackElo "2695"]
[WhiteFideId "4189302"]
[BlackFideId "14107090"]
[EventDate "2011.12.17"]

1. e4 e5 2. Nf3 Nc6 3. Bb5 Nf6 4. d3 Bc5 5. c3 O-O 6. O-O d6 7. Bg5 h6 8. Bh4 a6
9. Bxc6 bxc6 10. Nbd2 g5 11. Bg3 Nh5 12. d4 Nxg3 13. hxg3 exd4 14. cxd4 Ba7 15.
Nc4 Qf6 16. e5 Qe6 17. Rc1 Bd7 18. Re1 Qd5 19. Ne3 Qxa2 20. exd6 cxd6 21. Nc4
Rfe8 22. Rxe8+ Rxe8 23. Nfd2 d5 24. Ra1 Qxa1 25. Qxa1 dxc4 26. Nf3 Re4 27. Qxa6
Bxd4 28. Qa8+ Kg7 29. Qd8 g4 30. Qxd7 gxf3 31. gxf3 Re1+ 32. Kg2 Bxb2 33. Qd2 c3
34. Qc2 Re5 35. Qa4 Re2 36. Qg4+ Kf6 37. Qf4+ Kg7 38. Qg4+ Kf8 39. Qc8+ Kg7 1/2-1/2

[Event "European Rapid 2011"]
[Site "Warsaw POL"]
[Date "2011.12.18"]
[Round "11"]
[White "Bartel, Mateusz"]
[Black "Erdos, Viktor"]
[Result "0-1"]
[WhiteTitle "GM"]
[BlackTitle "GM"]
[WhiteElo "2653"]
[BlackElo "2623"]
[WhiteFideId "1112635"]
[BlackFideId "719978"]
[EventDate "2011.12.17"]

1. e4 e5 2. Nf3 Nc6 3. Bc4 Bc5 4. c3 Nf6 5. d4 exd4 6. e5 d5 7. Bb5 Ne4 8. cxd4
Bb6 9. Nc3 O-O 10. Be3 Bg4 11. Qc2 Bf5 12. Qb3 Ne7 13. O-O c6 14. Be2 Ng6 15.
Na4 f6 16. exf6 Rxf6 17. Ne5 Nxe5 18. dxe5 Rg6 19. Nxb6 axb6 20. Bf3 Qh4 21. g3
Rf8 22. Kh1 Qh3 23. Bg2 Qh5 24. Kg1 Kh8 25. f3 Nxg3 26. hxg3 Rxg3 27. Rf2 Bh3
28. Qc2 Rfxf3 29. Raf1 Bxg2 30. Rxg2 Rxf1+ 31. Kxf1 Rxe3 32. Qa4 Qh1+ 33. Kf2
Qe1# 0-1

[Event "European Rapid 2011"]
[Site "Warsaw POL"]
[Date "2011.12.18"]
[Round "11"]
[White "Timofeev, Artyom"]
[Black "Zontakh, Andrey"]
[Result "1-0"]
[WhiteTitle "GM"]
[BlackTitle "GM"]
[WhiteElo "2659"]
[BlackElo "2566"]
[WhiteFideId "4140419"]
[BlackFideId "14101130"]
[EventDate "2011.12.17"]

1. c4 e6 2. Nf3 d5 3. e3 Nf6 4. b3 b6 5. Bb2 Bb7 6. Nc3 Bd6 7. Be2 O-O 8. O-O
Nbd7 9. Qc2 a6 10. Rad1 Qe7 11. Rfe1 Rac8 12. d4 Bb4 13. Rf1 Rfe8 14. Ne5 Nxe5
15. dxe5 Ne4 16. cxd5 Nxc3 17. Bxc3 Bxc3 18. Qxc3 exd5 19. f4 f6 20. Bg4 Rcd8
21. e6 c5 22. f5 Qd6 23. Bh5 Re7 24. Rf2 Qe5 25. Qxe5 fxe5 26. Bf3 g6 27. g4 Rd6
28. Rfd2 d4 29. f6 Rc7 30. Bxb7 Rxb7 31. e7 Kf7 32. g5 Re6 33. Re1 Rb8 34. exd4
exd4 35. Rxe6 Kxe6 36. Re2+ Kf7 37. Re5 h6 38. Rd5 Re8 39. h4 hxg5 40. hxg5 a5
41. a4 1-0